[Event "Offene Hessische Senioren Einzelmeisters"]
[Site "Bad Sooden- Allendorf"]
[Date "2011.04.30"]
[Round "1.86"]
[White "Fister, Horst-Lothar"]
[Black "Merettig, Georg"]
[Result "0-1"]
[WhiteElo "1669"]
[BlackElo "1943"]
[PlyCount "66"]
[EventDate "2011.??.??"]

1. Nf3 Nc6 2. d4 e6 3. e3 f5 4. Nbd2 Nf6 5. Bd3 Nb4 6. Be2 b6 7. a3 Nc6 8. Ne5
Ne7 9. Bf3 Rb8 10. c4 c6 11. O-O Qc7 12. b4 d6 13. Nd3 e5 14. dxe5 dxe5 15. e4
f4 16. Bb2 Ng6 17. Be2 Bd6 18. Rc1 c5 19. Qa4+ Bd7 20. Qd1 O-O 21. Bh5 Nxh5 22.
Qxh5 Rbe8 23. Nf3 Rf6 24. Nh4 Nxh4 25. Qxh4 Rh6 26. Qg5 Rg6 27. Qh5 Bg4 28. Qh4
f3 29. Nxe5 Bxe5 30. Bxe5 Rxe5 31. Rcd1 Reg5 32. Qg3 Qc8 33. gxf3 Bxf3 0-1

[Event "Offene Hessische Senioren Einzelmeisters"]
[Site "Bad Sooden- Allendorf"]
[Date "2011.04.30"]
[Round "1.87"]
[White "Neumann, Horst"]
[Black "Grüneschild, Hildegard"]
[Result "1-0"]
[WhiteElo "1958"]
[BlackElo "1634"]
[PlyCount "91"]
[EventDate "2011.??.??"]

1. e4 c5 2. Nf3 d6 3. c3 Nc6 4. d4 cxd4 5. cxd4 a6 6. Nc3 Nf6 7. Bg5 Qa5 8.
Bxf6 exf6 9. Be2 Be7 10. O-O O-O 11. Nd5 Qd8 12. Qd3 Bd7 13. Rac1 Rc8 14. Rc3
Re8 15. Rfc1 Na7 16. Rxc8 Nxc8 17. Qb3 Bc6 18. Nc3 b5 19. d5 Bd7 20. a4 Na7 21.
axb5 Qb6 22. Na4 Qb8 23. b6 Nb5 24. Qe3 Bf8 25. Nd4 f5 26. f3 fxe4 27. Nc6 Qb7
28. fxe4 f5 29. Nc3 Nxc3 30. Rxc3 Rxe4 31. Qf2 g6 32. Bf3 Re8 33. Na5 Re1+ 34.
Qxe1 Qxb6+ 35. Qe3 Qxa5 36. Ra3 Qb4 37. Rb3 Qa4 38. Rb8 Qa1+ 39. Kf2 Qa5 40.
Qe7 Qc5+ 41. Kg3 f4+ 42. Kh4 Qf2+ 43. Kg5 h6+ 44. Kxg6 Qc2+ 45. Be4 Bf5+ 46.
Kxf5 1-0

[Event "Offene Hessische Senioren Einzelmeisters"]
[Site "Bad Sooden- Allendorf"]
[Date "2011.04.30"]
[Round "1.88"]
[White "Henniges, Erhard"]
[Black "Perk, Egbert"]
[Result "0-1"]
[WhiteElo "1682"]
[BlackElo "1984"]
[PlyCount "78"]
[EventDate "2011.??.??"]

1. c4 Nf6 2. g3 e6 3. Bg2 d5 4. Nf3 Be7 5. O-O c6 6. e3 O-O 7. Nc3 Nbd7 8. a3
dxc4 9. Rb1 Nc5 10. Ne1 e5 11. e4 Be6 12. f3 Qd7 13. Qe2 Rfd8 14. b4 cxb3 15.
Bb2 b5 16. Rd1 Bc4 17. d3 Nxd3 18. Nxd3 Bxd3 19. Qe3 Qd4 20. Qxd4 Rxd4 21. Rf2
Bc4 22. Rfd2 Rxd2 23. Rxd2 Rd8 24. Rxd8+ Bxd8 25. Kf2 Bb6+ 26. Ke1 Bd4 27. Kd2
Kf8 28. Nd1 Ke7 29. Bc3 c5 30. Nb2 Be6 31. Bxd4 exd4 32. Nd3 c4 33. Nb4 Kd7 34.
f4 c3+ 35. Kc1 Bc4 36. Bh3+ Kc7 37. Bg2 a5 38. Nd5+ Nxd5 39. exd5 Bd3 0-1

[Event "Offene Hessische Senioren Einzelmeisters"]
[Site "Bad Sooden- Allendorf"]
[Date "2011.04.30"]
[Round "1.89"]
[White "Geisler, Reinhard"]
[Black "Helm, Irmgard"]
[Result "1-0"]
[WhiteElo "1894"]
[BlackElo "1714"]
[PlyCount "37"]
[EventDate "2011.??.??"]

1. d4 d5 2. c4 dxc4 3. Nf3 e6 4. e3 b5 5. a4 c6 6. b3 cxb3 7. Qxb3 Bb7 8. axb5
cxb5 9. Bxb5+ Nc6 10. Ne5 Nge7 11. Ba3 Qc7 12. O-O a6 13. Ba4 Rc8 14. Rc1 f6
15. Nxc6 Nxc6 16. Qxe6+ Be7 17. Bxc6+ Bxc6 18. Rxc6 Qxc6 19. Qxe7# 1-0

[Event "Offene Hessische Senioren Einzelmeisters"]
[Site "Bad Sooden- Allendorf"]
[Date "2011.04.30"]
[Round "1.90"]
[White "Knobling, Rolf"]
[Black "Bendisch, Dr. Jürgen"]
[Result "1/2-1/2"]
[WhiteElo "1636"]
[BlackElo "1963"]
[PlyCount "31"]
[EventDate "2011.??.??"]

1. e4 c5 2. Nf3 e6 3. d4 cxd4 4. Nxd4 a6 5. c4 Nf6 6. Nc3 d6 7. Be2 Be7 8. O-O
Bd7 9. Be3 Nc6 10. f4 O-O 11. Qd2 Rc8 12. b3 Nxd4 13. Bxd4 Bc6 14. Bf3 Qc7 15.
Rad1 Ne8 16. Qe3 1/2-1/2

[Event "Offene Hessische Senioren Einzelmeisters"]
[Site "Bad Sooden- Allendorf"]
[Date "2011.04.30"]
[Round "1.92"]
[White "Wernitz, Armin"]
[Black "Fleischer, Martin"]
[Result "0-1"]
[WhiteElo "1598"]
[BlackElo "1879"]
[PlyCount "82"]
[EventDate "2011.??.??"]

1. d4 e6 2. c4 d5 3. e3 dxc4 4. Qa4+ c6 5. Qxc4 Nf6 6. Bd3 b5 7. Qc2 Bb7 8. Nf3
Nbd7 9. O-O Rc8 10. Nc3 h6 11. e4 Be7 12. h3 a6 13. Be3 Qc7 14. a3 g5 15. g4 e5
16. Ne2 Bd6 17. Rac1 c5 18. dxc5 Nxc5 19. Nc3 Qd7 20. Nh2 Ncxe4 21. f3 Bc5 22.
Bxc5 Nxc5 23. Bf5 Ne6 24. Rcd1 Qc7 25. Bxe6 fxe6 26. Qg6+ Qf7 27. Qd3 O-O 28.
Qe3 Qc7 29. Rfe1 Qc5 30. Qxc5 Rxc5 31. Kg2 Kf7 32. Nf1 Ke7 33. Nd2 Rd8 34. Nb3
Rxd1 35. Rxd1 Rc7 36. Na5 Nd5 37. Ne4 Ne3+ 38. Kg3 Nxd1 39. Nxb7 Rxb7 40. Nc5
Ra7 41. b4 a5 0-1

[Event "Offene Hessische Senioren Einzelmeisters"]
[Site "Bad Sooden- Allendorf"]
[Date "2011.04.30"]
[Round "1.93"]
[White "Smits, Oswald"]
[Black "Gröner, Marga"]
[Result "1-0"]
[WhiteElo "1870"]
[BlackElo "1480"]
[PlyCount "43"]
[EventDate "2011.??.??"]

1. d4 d5 2. Nf3 c6 3. e3 h6 4. Bd3 Nf6 5. Nbd2 Bg4 6. h3 Bh5 7. c4 e6 8. Qb3
Qb6 9. Qc2 Qc7 10. Ne5 Nbd7 11. f4 Bb4 12. a3 Bxd2+ 13. Bxd2 O-O 14. g4 Nxe5
15. fxe5 Nxg4 16. hxg4 Bxg4 17. Bb4 Rfc8 18. Qg2 Bf5 19. Bxf5 exf5 20. Rxh6
dxc4 21. Ke2 g6 22. Rah1 1-0

[Event "Offene Hessische Senioren Einzelmeisters"]
[Site "Bad Sooden- Allendorf"]
[Date "2011.04.30"]
[Round "1.94"]
[White "Nols, Uwe"]
[Black "Blosze, Winfried"]
[Result "0-1"]
[WhiteElo "1229"]
[BlackElo "1956"]
[PlyCount "76"]
[EventDate "2011.??.??"]

1. e4 e5 2. Nf3 Nc6 3. Bc4 Nf6 4. d3 Be7 5. O-O O-O 6. Nc3 d6 7. h3 Na5 8. Bd5
c6 9. Bb3 b5 10. a3 Nxb3 11. cxb3 a5 12. Ne2 c5 13. Bd2 Bb7 14. Ng3 Re8 15. Nf5
c4 16. bxc4 bxc4 17. dxc4 Bxe4 18. Nxe7+ Qxe7 19. Ng5 Bg6 20. f4 h6 21. Nf3 Bd3
22. Re1 e4 23. Nd4 Bxc4 24. Nf5 Qd7 25. Ng3 d5 26. Bc3 Re6 27. f5 Rc6 28. Qa4
Qd6 29. Bxf6 Qxf6 30. Nh5 Qd4+ 31. Kh1 Qb6 32. Qd1 Qxb2 33. Qg4 Qe5 34. Re3
Qxa1+ 35. Kh2 Qe5+ 36. Rg3 g6 37. Qh4 Qxf5 38. Nf4 Kh7 0-1

[Event "Offene Hessische Senioren Einzelmeisters"]
[Site "Bad Sooden- Allendorf"]
[Date "2011.04.30"]
[Round "1.95"]
[White "Held, Helmut"]
[Black "Dirks, Rainer"]
[Result "1-0"]
[WhiteElo "1999"]
[BlackElo "1610"]
[PlyCount "35"]
[EventDate "2011.??.??"]

1. e4 e5 2. Nf3 Nf6 3. d4 exd4 4. e5 Qe7 5. Be2 Qb4+ 6. c3 dxc3 7. bxc3 Qg4 8.
exf6 Qxg2 9. Rg1 Qh3 10. fxg7 Rg8 11. gxf8=Q+ Kxf8 12. Rxg8+ Kxg8 13. Qd5 Qg2
14. Be3 d6 15. Nbd2 Qh1+ 16. Bf1 Bh3 17. Qg5+ Kh8 18. Bd4+ 1-0

[Event "Offene Hessische Senioren Einzelmeisters"]
[Site "Bad Sooden- Allendorf"]
[Date "2011.04.30"]
[Round "1.96"]
[White "Kaldune, Helmut"]
[Black "Sailer, Hans-Peter"]
[Result "0-1"]
[WhiteElo "1535"]
[BlackElo "1904"]
[PlyCount "48"]
[EventDate "2011.??.??"]

1. c4 e5 2. Nc3 Nf6 3. g3 c6 4. Bg2 d5 5. cxd5 cxd5 6. d4 e4 7. f3 Bb4 8. Bd2
O-O 9. fxe4 Bxc3 10. Bxc3 dxe4 11. Qc2 Re8 12. e3 Bf5 13. Ne2 Nd5 14. Bd2 Nc6
15. a3 Rc8 16. Qb3 Qd7 17. Rf1 Bg6 18. Nf4 Nxf4 19. Rxf4 Ne7 20. Bxe4 Nc6 21.
Bxg6 hxg6 22. Ke2 Nxd4+ 23. Rxd4 Qxd4 24. Rf1 Qc4+ 0-1

[Event "Offene Hessische Senioren Einzelmeisters"]
[Site "Bad Sooden- Allendorf"]
[Date "2011.04.30"]
[Round "1.97"]
[White "Kluger, Hans-Peter"]
[Black "Bartl, Birgit"]
[Result "1-0"]
[WhiteElo "1944"]
[BlackElo "1511"]
[PlyCount "85"]
[EventDate "2011.??.??"]

1. e4 c5 2. Nf3 Nc6 3. d4 cxd4 4. Nxd4 g6 5. c3 Bg7 6. Be3 Nf6 7. Nd2 O-O 8.
Be2 a6 9. h4 d6 10. h5 Ne5 11. hxg6 fxg6 12. Bh6 Nfg4 13. Qb3+ d5 14. Bxg7 Kxg7
15. f3 Nf6 16. O-O-O Nc6 17. exd5 Nxd4 18. cxd4 Nxd5 19. Bc4 e6 20. Kb1 b5 21.
Bxd5 Qxd5 22. Qe3 Bb7 23. Qh6+ Kf6 24. Ne4+ Ke7 25. Qxh7+ Rf7 26. Qxg6 Qf5 27.
Qxf5 exf5 28. Nc5 Bd5 29. Rde1+ Kd6 30. Rh6+ Kc7 31. Nxa6+ Kd7 32. Nb4 Bb7 33.
Rb6 Kc7 34. Rxb5 Rg7 35. Rc5+ Kd8 36. Re2 Kd7 37. Rxf5 Re8 38. Rxe8 Kxe8 39.
Re5+ Kd7 40. Re2 Kd6 41. Kc1 Rh7 42. Kd2 Rh1 43. Ke3 1-0

[Event "Offene Hessische Senioren Einzelmeisters"]
[Site "Bad Sooden- Allendorf"]
[Date "2011.04.30"]
[Round "1.98"]
[White "Rollwitz, Inge"]
[Black "Simon, Eberhard"]
[Result "0-1"]
[WhiteElo "1476"]
[BlackElo "1997"]
[PlyCount "56"]
[EventDate "2011.??.??"]

1. d4 Nf6 2. Nc3 d5 3. e3 c6 4. Nf3 Bg4 5. Be2 Nbd7 6. h3 Bh5 7. g4 Bg6 8. Nh4
Qc7 9. Bf3 e5 10. Nxg6 hxg6 11. dxe5 Nxe5 12. a3 O-O-O 13. Qe2 Bd6 14. Bg2 Rde8
15. f4 Nc4 16. O-O Nxe3 17. Bxe3 d4 18. Nd1 dxe3 19. b4 Bxf4 20. Rf3 Bh2+ 21.
Kf1 Ne4 22. Nxe3 Ng3+ 23. Rxg3 Bxg3 24. Qf3 Qe5 25. Rd1 Qxe3 26. Qxe3 Rxe3 27.
Bh1 Rxh3 28. Kg2 Rh2+ 0-1

[Event "Offene Hessische Senioren Einzelmeisters"]
[Site "Bad Sooden- Allendorf"]
[Date "2011.04.30"]
[Round "1.99"]
[White "Burckhardt, Karl"]
[Black "Ludwig, Egbert"]
[Result "1-0"]
[WhiteElo "1974"]
[BlackElo "1490"]
[PlyCount "47"]
[EventDate "2011.??.??"]

1. e4 e6 2. d4 d5 3. Nc3 Nf6 4. e5 Nfd7 5. Qg4 c5 6. Nf3 Nc6 7. Bb5 Qb6 8. Bxc6
bxc6 9. dxc5 Nxc5 10. O-O Bd7 11. b3 g6 12. Be3 a5 13. a3 Qa6 14. Qh4 Nb7 15.
Qf6 Rg8 16. Ng5 Be7 17. Qxf7+ Kd8 18. Qxg8+ Be8 19. Qxe6 c5 20. Qxd5+ Bd7 21.
Rfd1 Nd6 22. exd6 Bf6 23. Ne6+ Ke8 24. Nc7+ 1-0

[Event "Offene Hessische Senioren Einzelmeisters"]
[Site "Bad Sooden- Allendorf"]
[Date "2011.04.30"]
[Round "1.100"]
[White "Graffenberger, Marianne"]
[Black "Gunnarson, Leif"]
[Result "0-1"]
[WhiteElo "1483"]
[BlackElo "1745"]
[PlyCount "70"]
[EventDate "2011.??.??"]

1. e4 c5 2. Nf3 d6 3. Nc3 Nf6 4. Bc4 e6 5. O-O Be7 6. Re1 Nc6 7. d4 cxd4 8.
Nxd4 O-O 9. Nf3 a6 10. a3 Qc7 11. Bf4 b5 12. Ba2 Bb7 13. Qd3 Rac8 14. e5 dxe5
15. Nxe5 Nh5 16. Bg3 Nxg3 17. Qxg3 Nxe5 18. Qxe5 Qc6 19. Qe4 Qxe4 20. Nxe4 Rxc2
21. b4 Bxe4 22. Rxe4 Bf6 23. Bb3 Rb2 24. Re3 Rxb3 25. Rd1 Rxe3 26. fxe3 Rd8 27.
Rc1 g6 28. Rc6 Ra8 29. Rd6 Bb2 30. Rd3 Kf8 31. Rb3 Be5 32. h3 Ke7 33. g4 Rc8
34. Kg2 Rc3 35. Rxc3 Bxc3 0-1

[Event "Offene Hessische Senioren Einzelmeisters"]
[Site "Bad Sooden- Allendorf"]
[Date "2011.04.30"]
[Round "1.101"]
[White "Reimann, Günther"]
[Black "Geibel, Henning"]
[Result "1-0"]
[WhiteElo "1959"]
[BlackElo "1536"]
[PlyCount "67"]
[EventDate "2011.??.??"]

1. c4 Nf6 2. d4 e6 3. Nf3 d5 4. e3 c5 5. cxd5 Nxd5 6. Bb5+ Bd7 7. Bxd7+ Nxd7 8.
O-O cxd4 9. Qxd4 Qb6 10. Qa4 O-O-O 11. a3 Kb8 12. b4 g6 13. Bb2 Rg8 14. Bd4 Qa6
15. Qxa6 bxa6 16. Rc1 Bg7 17. Bxg7 Rxg7 18. Nbd2 f5 19. Nd4 Re8 20. Nc4 e5 21.
Nd6 Reg8 22. Nf3 e4 $11 23. Nd4 Ne5 24. Rc5 Nxe3 25. Rxe5 Ng4 26. Rc5 Rd7 27.
Nc6+ Kc7 28. Nc4 Re8 29. N6e5+ Kd8 30. Nxd7 Kxd7 31. Rd1+ Ke6 32. h3 Nf6 33.
Re5+ Kf7 34. Nd6+ 1-0

[Event "Offene Hessische Senioren Einzelmeisters"]
[Site "Bad Sooden- Allendorf"]
[Date "2011.04.30"]
[Round "1.66"]
[White "Neumann, Dr. Peter"]
[Black "Busic, Nedjeljko"]
[Result "1-0"]
[WhiteElo "1888"]
[BlackElo "2059"]
[PlyCount "119"]
[EventDate "2011.??.??"]

1. d4 Nf6 2. c4 g6 3. Nc3 Bg7 4. e4 d6 5. Bg5 c6 6. Bd3 Qb6 7. Nf3 Bg4 8. Qb3
Bxf3 9. Qxb6 axb6 10. gxf3 Nh5 11. Be3 Nd7 12. f4 O-O 13. Be2 Ra5 14. b4 Ra3
15. Kd2 c5 16. bxc5 bxc5 17. Nb5 cxd4 18. Nxa3 dxe3+ 19. Kxe3 Bxa1 20. Rxa1 Ng7
21. Nb5 Nc5 22. Nc7 Rc8 23. Nd5 Ra8 24. a3 Kf8 25. Bd1 Ne8 26. Nc3 Nf6 27. h3
Nfd7 28. Nd5 e6 29. Nc7 Ra5 30. Nb5 Ke7 31. Bc2 Nb6 32. Kd4 e5+ 33. fxe5 Ne6+
34. Kc3 dxe5 35. Rd1 Nf4 36. Kb4 Ra8 37. Nd6 Nbd5+ 38. exd5 Kxd6 39. c5+ Ke7
40. d6+ Kd8 41. h4 f6 42. a4 Ne6 43. Bb3 Nd4 44. Bd5 Kd7 45. a5 Nc6+ 46. Bxc6+
bxc6 47. Ra1 Ra6 48. Ka4 f5 49. Rb1 Ra7 50. Rb6 e4 51. a6 Ke6 52. Ka5 f4 53.
Rb7 Ra8 54. Kb6 e3 55. fxe3 f3 56. Re7+ Kf6 57. Re4 Rf8 58. d7 Kg7 59. Re8 Rf7
60. d8=Q 1-0